[Event "Landesliga Nord 1718"]
[Site "Bayern"]
[Date "2017.11.12"]
[Round "2.7"]
[White "Bildt, Thomas"]
[Black "Fischer, Oliver1111"]
[Result "1/2-1/2"]
[WhiteElo "1935"]
[BlackElo "2039"]
[PlyCount "135"]
[EventDate "2017.10.22"]
[EventType "team-tourn"]
[EventRounds "9"]
[EventCountry "GER"]
[SourceTitle "EXT 2022"]
[Source "ChessBase"]
[SourceDate "2021.10.06"]
[SourceVersion "1"]
[SourceVersionDate "2021.10.06"]
[SourceQuality "1"]
[WhiteTeam "Zirndorf"]
[BlackTeam "Nuernberg Sued SW"]
[WhiteTeamCountry "GER"]
[BlackTeamCountry "GER"]

1. e4 d6 2. d4 Nf6 3. f3 Nbd7 4. Be3 e5 5. d5 c6 6. c4 Be7 7. Nc3 Qc7 8. Bd3 Nf8 9. Nge2 h6 10. Qd2 g5 11. h4 gxh4 12. Bxh6 Ng6 13. g3 hxg3 14. Nxg3 Bd7 15. 0-0-0 0-0-0 16. dxc6 bxc6 17. Kb1 Rdg8 18. Nf5 Be6 19. Be2 Ne8 20. Nxe7+ Nxe7 21. f4 Rg2 22. c5 Bc4 23. cxd6 Nxd6 24. Qxd6 Qxd6 25. Rxd6 Bxe2 26. Nxe2 Rxe2 27. fxe5 Rxe4 28. Rf1 Rxe5 29. Bg7 Rf5 30. Rfd1 Rg8 31. Bf6 Nd5 32. Rc1 Rxf6 33. Rcxc6+ Kb7 34. Rxf6 Nxf6 35. Rxf6 Rg7 36. Kc2 Rh7 37. Kb3 Rg7 38. a4 Rh7 39. a5 Rg7 40. Ka4 a6 41. Rb6+ Ka7 42. Rf6 Kb7 43. b3 Rg4+ 44. Ka3 Rg7 45. Ka4 Rg4+ 46. Ka3 Rg7 47. b4 Rg3+ 48. Ka2 Rg2+ 49. Kb3 Rg3+ 50. Kc2 Rg2+ 51. Kc3 Rg3+ 52. Kc4 Rg4+ 53. Kb3 Rg3+ 54. Ka4 Rg7 55. Rb6+ Ka7 56. Rc6 Kb7 57. Rb6+ Ka7 58. Rd6 Kb7 59. Rd7+ Kb8 60. Re7 Ka8 61. Re8+ Kb7 62. Rf8 Ka7 63. Kb3 Rg3+ 64. Kc4 Rg4+ 65. Kc5 Rf4 66. Re8 Rf5+ 67. Kc6 Rf6+ 68. Kc5 1/2-1/2

[Event "Zirndorf Cup"]
[Site "Zirndorf"]
[Date "2017.09.01"]
[Round "4"]
[White "Bildt, Thomas"]
[Black "Weissmann, Peter"]
[Result "1-0"]
[WhiteElo "1983"]
[BlackElo "1747"]
[PlyCount "110"]
[EventDate "2017.08.30"]
[EventType "swiss"]
[EventRounds "7"]
[EventCountry "GER"]
[SourceTitle "CBM 180 Extra"]
[Source "ChessBase"]
[SourceDate "2017.10.06"]
[SourceVersion "1"]
[SourceVersionDate "2017.10.06"]
[SourceQuality "1"]

1. e4 c5 2. Nc3 Nc6 3. f4 e6 4. Nf3 d5 5. Bb5 d4 6. Bxc6+ bxc6 7. Ne2 g6 8. d3 Ne7 9. 0-0 Bg7 10. Qe1 0-0 11. Qh4 Kh8 12. Ng5 h6 13. f5 exf5 14. e5 Kg8 15. Nf3 f4 16. Bxf4 Nf5 17. Qxd8 Rxd8 18. Ng3 Nxg3 19. Bxg3 Be6 20. Nd2 Bd5 21. Rae1 Re8 22. Ne4 Bxe4 23. Rxe4 Re6 24. b3 Rae8 25. Rfe1 Kf8 26. Kf1 Kg8 27. R1e2 Kf8 28. Ke1 h5 29. Bf4 Ke7 30. c3 dxc3 31. Kd1 Kd7 32. Kc2 f6 33. Ra4 Ra8 34. Rae4 g5 35. exf6 Rxe4 36. Rxe4 Bxf6 37. Be5 Be7 38. Kxc3 Bd6 39. Kc4 a5 40. Bf6 a4 41. Bxg5 axb3 42. Kxb3 Rb8+ 43. Kc2 Bxh2 44. Rh4 Be5 45. Rxh5 Rb2+ 46. Kd1 Rxg2 47. Bd2 Bd4 48. a4 Rg1+ 49. Kc2 Rg2 50. Rh3 Kc7 51. Rh1 Be3 52. Rd1 Kb6 53. Kc3 Bxd2+ 54. Rxd2 Rxd2 55. Kxd2 Ka5 1-0

[Event "Pyramiden Franken Cup"]
[Site "Fuerth"]
[Date "2015.09.06"]
[Round "7"]
[White "Weber, Bernhard"]
[Black "Bildt, Thomas"]
[Result "1/2-1/2"]
[WhiteElo "1899"]
[BlackElo "2000"]
[PlyCount "74"]
[EventDate "2015.09.03"]
[EventType "swiss"]
[EventRounds "7"]
[EventCountry "GER"]
[SourceTitle "EXT 2016"]
[Source "ChessBase"]
[SourceDate "2015.10.08"]
[SourceVersion "1"]
[SourceVersionDate "2015.10.08"]
[SourceQuality "1"]

1. e4 e5 2. Nf3 Nc6 3. Bb5 a6 4. Ba4 Nf6 5. d4 Nxe4 6. Qe2 f5 7. Nxe5 Nxe5 8. dxe5 Bc5 9. Be3 Bxe3 10. Qxe3 0-0 11. Bb3+ Kh8 12. 0-0 Qe7 13. f4 d6 14. exd6 Qxd6 15. Nc3 Qc5 16. Rae1 Qxe3+ 17. Rxe3 Nd2 18. Rd1 Nxb3 19. axb3 h6 20. Re7 b5 21. Rxc7 Be6 22. Rd6 Rfe8 23. Kf2 Rad8 24. Rcc6 Bc8 25. Ne2 Bb7 26. Rxd8 Rxd8 27. Rb6 Be4 28. c4 Rd2 29. cxb5 axb5 30. Rxb5 Rxb2 31. g3 Bd3 32. Re5 Bxe2 33. Rxe2 Rxb3 34. Re5 Rb2+ 35. Kg1 g6 36. Re7 Kg8 37. Ra7 Rc2 1/2-1/2

[Event "Pyramiden Franken Cup"]
[Site "Fuerth"]
[Date "2015.09.05"]
[Round "5"]
[White "Kornitzky, Tino"]
[Black "Bildt, Thomas"]
[Result "1-0"]
[WhiteElo "1717"]
[BlackElo "2000"]
[PlyCount "65"]
[EventDate "2015.09.03"]
[EventType "swiss"]
[EventRounds "7"]
[EventCountry "GER"]
[SourceTitle "EXT 2016"]
[Source "ChessBase"]
[SourceDate "2015.10.08"]
[SourceVersion "1"]
[SourceVersionDate "2015.10.08"]
[SourceQuality "1"]

1. d4 d5 2. c4 c6 3. cxd5 cxd5 4. Nf3 Nf6 5. Nc3 Nc6 6. g3 Ne4 7. Bg2 Qa5 8. Bd2 Nxd2 9. Qxd2 e6 10. 0-0 Be7 11. Rfe1 0-0 12. a3 Bd7 13. e4 dxe4 14. Rxe4 Bf6 15. Rae1 Rfd8 16. Ne5 Be8 17. Nc4 Qa6 18. d5 Bxc3 19. bxc3 f5 20. Rh4 Bf7 21. d6 e5 22. Bd5 Qb5 23. Bxf7+ Kxf7 24. Qg5 Kg8 25. Qxf5 h6 26. Qe6+ Kh8 27. Nxe5 Nxe5 28. Rxe5 Qd3 29. Rxh6+ gxh6 30. Qf6+ Kg8 31. Qxh6 Rxd6 32. Rg5+ Kf7 33. Rg7+ 1-0

[Event "Pyramiden Franken Cup"]
[Site "Fuerth"]
[Date "2014.09.07"]
[Round "7"]
[White "Bildt, Thomas"]
[Black "Gerl, Hans Peter"]
[Result "0-1"]
[WhiteElo "2032"]
[BlackElo "2035"]
[PlyCount "70"]
[EventDate "2014.09.04"]
[EventType "swiss"]
[EventRounds "7"]
[EventCountry "GER"]
[SourceTitle "CBM 162 Extra"]
[Source "ChessBase"]
[SourceDate "2014.10.17"]
[SourceVersion "1"]
[SourceVersionDate "2014.10.17"]
[SourceQuality "1"]

1. e4 c5 2. Nc3 Nc6 3. f4 d6 4. Nf3 e6 5. g3 Nf6 6. Bg2 Be7 7. d3 a6 8. 0-0 0-0 9. Kh1 Qc7 10. Be3 b5 11. h3 Bb7 12. Qe2 b4 13. Nd1 a5 14. Nf2 Rac8 15. g4 h6 16. Rg1 Nd4 17. Qd2 Nxf3 18. Bxf3 c4 19. g5 hxg5 20. Rxg5 Nh7 21. Rg2 Bf6 22. Ng4 Bxb2 23. Rag1 Bc3 24. Qf2 cxd3 25. e5 Bxf3 26. Qxf3 Kh8 27. Qg3 g6 28. Qh4 g5 29. Qxh7+ Kxh7 30. Nf6+ Kh6 31. Rxg5 Qc6+ 32. Kh2 Qf3 33. f5 Bxe5+ 34. R5g3+ Qxe3 35. Ng4+ Kh5 0-1

[Event "Pyramiden Franken Cup"]
[Site "Fuerth"]
[Date "2014.09.07"]
[Round "6"]
[White "Hess, Christian"]
[Black "Bildt, Thomas"]
[Result "1/2-1/2"]
[WhiteElo "2221"]
[BlackElo "2032"]
[PlyCount "83"]
[EventDate "2014.09.04"]
[EventType "swiss"]
[EventRounds "7"]
[EventCountry "GER"]
[SourceTitle "CBM 162 Extra"]
[Source "ChessBase"]
[SourceDate "2014.10.17"]
[SourceVersion "1"]
[SourceVersionDate "2014.10.17"]
[SourceQuality "1"]

1. c4 c6 2. e4 d5 3. exd5 cxd5 4. cxd5 Nf6 5. Nc3 Nxd5 6. Nf3 e6 7. d4 Nc6 8. Bd3 Bb4 9. Bd2 0-0 10. 0-0 Nf6 11. Bg5 a6 12. Be3 Nd5 13. Bc2 Nxe3 14. fxe3 Bd7 15. Qd3 f5 16. e4 Bd6 17. a3 Rc8 18. Kh1 Kh8 19. Rae1 Ne7 20. Bb1 Qb6 21. Re2 Ng6 22. Ref2 Nf4 23. Qd2 g5 24. Re1 Rce8 25. Rff1 Qd8 26. Rd1 Bc6 27. d5 exd5 28. exd5 Bd7 29. Nd4 Qc8 30. Rde1 Be5 31. Rc1 Qc4 32. Nde2 Nxe2 33. Nxe2 Qh4 34. h3 g4 35. Nf4 Rf6 36. Qf2 g3 37. Qf3 Bb5 38. Bd3 Qxf4 39. Bxb5 Qxf3 40. Rxf3 Rd8 41. Bc4 Bxb2 42. Rd1 1/2-1/2

[Event "Mittelfranken-ch QT 60th"]
[Site "Buechenbach/Roth"]
[Date "2011.04.20"]
[Round "1"]
[White "Bildt, Thomas"]
[Black "Gajewski, Richard"]
[Result "1-0"]
[WhiteElo "1976"]
[BlackElo "1653"]
[PlyCount "115"]
[EventDate "2011.04.20"]
[EventType "swiss"]
[EventRounds "7"]
[EventCountry "GER"]
[SourceTitle "CBM 142 Extra"]
[Source "ChessBase"]
[SourceDate "2011.06.27"]
[SourceVersion "1"]
[SourceVersionDate "2011.06.27"]
[SourceQuality "1"]

1. e4 e6 2. d4 b6 3. c4 Bb7 4. Nc3 Bb4 5. Qc2 Qh4 6. Bd3 f5 7. Nf3 Qg4 8. 0-0 Bxc3 9. h3 Qh5 10. bxc3 Nf6 11. Nd2 g5 12. exf5 g4 13. Be2 Rg8 14. d5 Qh4 15. g3 Qxh3 16. Ne4 Kf7 17. Ng5+ Rxg5 18. fxe6+ dxe6 19. Bxg5 Nbd7 20. Bxf6 Nxf6 21. Rfe1 exd5 22. Bf1 Qh5 23. Bg2 Rd8 24. Qe2 Re8 25. Qd2 Rd8 26. Qe3 Re8 27. Qf4 Rd8 28. Qxc7+ Rd7 29. Qf4 Kg6 30. Re5 Qh6 31. Qf5+ Kg7 32. Rae1 Rf7 33. Re7 Qg6 34. Qe6 Ne4 35. Rxf7+ Qxf7 36. Qxg4+ Kf8 37. Qf3 Qxf3 38. Bxf3 Nxc3 39. Rc1 d4 40. Kg2 Ba6 41. Bd5 Bc8 42. Rc2 Bf5 43. Rd2 d3 44. Bf3 Ke7 45. g4 Bg6 46. Bd1 Kf6 47. f4 Be4+ 48. Bf3 Nb1 49. Bxe4 Nxd2 50. Bxd3 Ke6 51. Kf2 Kd6 52. Ke3 Nxc4+ 53. Bxc4 Kc5 54. f5 Kxc4 55. f6 Kb4 56. f7 Ka3 57. f8Q+ Kxa2 58. Qb8 1-0

[Event "Mittelfranken-ch QT 60th"]
[Site "Buechenbach/Roth"]
[Date "2011.04.20"]
[Round "2"]
[White "Duerr, Florian"]
[Black "Bildt, Thomas"]
[Result "0-1"]
[WhiteElo "1798"]
[BlackElo "1976"]
[PlyCount "136"]
[EventDate "2011.04.20"]
[EventType "swiss"]
[EventRounds "7"]
[EventCountry "GER"]
[SourceTitle "CBM 142 Extra"]
[Source "ChessBase"]
[SourceDate "2011.06.27"]
[SourceVersion "1"]
[SourceVersionDate "2011.06.27"]
[SourceQuality "1"]

1. e4 e5 2. Nf3 Nc6 3. Bb5 a6 4. Ba4 d6 5. 0-0 Bg4 6. c3 Qf6 7. Bxc6+ bxc6 8. Qa4 Ne7 9. d4 Bxf3 10. gxf3 exd4 11. cxd4 Qxf3 12. Nd2 Qg4+ 13. Kh1 g6 14. f3 Qd7 15. Nc4 Bg7 16. Be3 0-0 17. Rac1 f5 18. Na5 fxe4 19. fxe4 Qh3 20. Qb3+ Kh8 21. Rxf8+ Rxf8 22. Bg1 Qg4 23. Re1 Rf3 24. Qc2 Qh4 25. Qe2 Rf4 26. Nb3 d5 27. exd5 Nxd5 28. Nc5 Rf7 29. Ne6 Re7 30. Qf2 Bf6 31. Qxh4 Bxh4 32. Re4 Kg8 33. Rxh4 Rxe6 34. Rh3 Re2 35. Ra3 Rxb2 36. Rxa6 Rb6 37. Rxb6 cxb6 38. Kg2 Nc3 39. Be3 Nxa2 40. Bd2 b5 41. Kf3 b4 42. Ke4 Kf7 43. Kd3 Nc3 44. Kc4 Ke6 45. Kxb4 Ne4 46. Be3 Kd5 47. h4 Nd6 48. Kc3 Ke4 49. Bf2 h6 50. Kb4 Kd5 51. Kb3 Nb5 52. Kc2 Nxd4+ 53. Kd3 Nf5 54. Be1 c5 55. Bf2 c4+ 56. Kc3 g5 57. hxg5 hxg5 58. Kd2 g4 59. Ke2 Ke4 60. Be1 g3 61. Kd2 g2 62. Bf2 Kf3 63. Bg1 Ng3 64. Bb6 Ne4+ 65. Ke1 c3 66. Bg1 c2 67. Be3 c1Q+ 68. Bxc1 g1Q# 0-1

[Event "Landesliga Nord 1011"]
[Site "Bayern"]
[Date "2011.02.06"]
[Round "6.6"]
[White "Bildt, Thomas"]
[Black "Krauseneck, Peter"]
[Result "0-1"]
[WhiteElo "1976"]
[BlackElo "2081"]
[PlyCount "78"]
[EventDate "2010.10.10"]
[EventType "team-tourn"]
[EventRounds "9"]
[EventCountry "GER"]
[SourceTitle "EXT 2012"]
[Source "ChessBase"]
[SourceDate "2011.11.24"]
[SourceVersion "1"]
[SourceVersionDate "2011.11.24"]
[SourceQuality "1"]
[WhiteTeam "Zirndorf"]
[BlackTeam "Bamberg"]
[WhiteTeamCountry "GER"]
[BlackTeamCountry "GER"]

1. e4 e6 2. d4 d5 3. f3 c5 4. exd5 exd5 5. Bb5+ Nc6 6. Be3 c4 7. Ne2 Bd6 8. 0-0 Qc7 9. g3 Nge7 10. Nbc3 a6 11. Bxc6+ bxc6 12. Bf4 0-0 13. Qd2 Ng6 14. Bxd6 Qxd6 15. Na4 a5 16. b3 Ba6 17. Rfe1 cxb3 18. cxb3 Rfb8 19. Rac1 Rb4 20. Nc5 Bxe2 21. Rxe2 Qf6 22. Nd7 Qxf3 23. Rxc6 h6 24. Ne5 Nxe5 25. Rxe5 Rb5 26. Rc5 Rb6 27. Rcxd5 a4 28. Rf5 Qe4 29. Rde5 Qb7 30. Qe2 axb3 31. Re8+ Kh7 32. axb3 Ra1+ 33. Rf1 Rxf1+ 34. Qxf1 Rxb3 35. Qf5+ g6 36. Qe4 Rb1+ 37. Kg2 Qb5 38. Kh3 Rb2 39. Qe1 Qh5# 0-1

[Event "Landesliga Nord 1011"]
[Site "Bayern"]
[Date "2010.12.12"]
[Round "4.7"]
[White "Becker, Thomas4444"]
[Black "Bildt, Thomas"]
[Result "0-1"]
[WhiteElo "1839"]
[BlackElo "1976"]
[PlyCount "64"]
[EventDate "2010.10.10"]
[EventType "team-tourn"]
[EventRounds "9"]
[EventCountry "GER"]
[SourceTitle "EXT 2012"]
[Source "ChessBase"]
[SourceDate "2011.11.24"]
[SourceVersion "1"]
[SourceVersionDate "2011.11.24"]
[SourceQuality "1"]
[WhiteTeam "Obernau"]
[BlackTeam "Zirndorf"]
[WhiteTeamCountry "GER"]
[BlackTeamCountry "GER"]

1. e4 e5 2. Nf3 Nc6 3. Bb5 a6 4. Ba4 d6 5. d4 b5 6. Bb3 Nxd4 7. Nxd4 exd4 8. Qxd4 c5 9. Qd5 Be6 10. Qc6+ Bd7 11. Qd5 c4 12. Bxc4 bxc4 13. Qxc4 Nf6 14. 0-0 Bb5 15. Qd4 Bxf1 16. Kxf1 Be7 17. Nc3 0-0 18. Bf4 Qc7 19. Rd1 Rfd8 20. Kg1 Rac8 21. h3 Qc4 22. Qe3 Qb4 23. Rb1 d5 24. exd5 Nxd5 25. Nxd5 Rxd5 26. c3 Qc5 27. Qf3 Bg5 28. b4 Qc4 29. Bxg5 Rxg5 30. Qe3 h6 31. Rb3 Rd5 32. Qf3 Rd3 0-1

[Event "Nuremberg Zabo op 12th"]
[Site "Nuremberg"]
[Date "2010.09.19"]
[Round "4"]
[White "Weber, Daniel1111"]
[Black "Bildt, Thomas"]
[Result "0-1"]
[WhiteElo "1785"]
[BlackElo "1964"]
[PlyCount "70"]
[EventDate "2010.09.17"]
[EventType "swiss"]
[EventRounds "5"]
[EventCountry "GER"]
[SourceTitle "EXT 2011"]
[Source "ChessBase"]
[SourceDate "2010.11.26"]
[SourceVersion "1"]
[SourceVersionDate "2010.11.26"]
[SourceQuality "1"]

1. e4 e5 2. Nf3 Nc6 3. d4 exd4 4. Nxd4 Bc5 5. Be3 Qf6 6. c3 Nge7 7. Na3 Bxa3 8. bxa3 0-0 9. Qc2 d5 10. Nb5 Qe5 11. f4 Qxe4 12. Qxe4 dxe4 13. Nxc7 Rb8 14. Rd1 Bg4 15. Be2 Bxe2 16. Kxe2 Rfd8 17. Bc5 Rbc8 18. Rxd8+ Rxd8 19. Rd1 Rxd1 20. Kxd1 f5 21. Kd2 Kf7 22. Nb5 Nc8 23. Nd4 Nxd4 24. cxd4 Ke6 25. a4 Kd5 26. Kc3 Nb6 27. Bf8 g6 28. a5 Nc4 29. Bc5 a6 30. Bb4 Ne3 31. g3 Nf1 32. Bc5 Nxh2 33. Kd2 Nf1+ 34. Ke2 Nxg3+ 35. Kd2 h5 0-1

[Event "Nuremberg Zabo op 12th"]
[Site "Nuremberg"]
[Date "2010.09.18"]
[Round "3"]
[White "Bildt, Thomas"]
[Black "Heimrath, Reiner"]
[Result "0-1"]
[WhiteElo "1964"]
[BlackElo "2175"]
[PlyCount "78"]
[EventDate "2010.09.17"]
[EventType "swiss"]
[EventRounds "5"]
[EventCountry "GER"]
[SourceTitle "EXT 2011"]
[Source "ChessBase"]
[SourceDate "2010.11.26"]
[SourceVersion "1"]
[SourceVersionDate "2010.11.26"]
[SourceQuality "1"]

1. e4 c5 2. Nc3 Nc6 3. f4 e6 4. Nf3 a6 5. g3 b5 6. Bg2 b4 7. Ne2 Bb7 8. 0-0 Qb6 9. Kh1 Nf6 10. d3 d5 11. e5 Nd7 12. c4 bxc3 13. bxc3 Be7 14. Qc2 0-0 15. Rb1 Qc7 16. Ba3 Rab8 17. d4 Na5 18. Nd2 g6 19. g4 f5 20. dxc5 Bxc5 21. Bxc5 Nxc5 22. gxf5 Rxf5 23. Nd4 Rff8 24. Bh3 Bc8 25. N2b3 Naxb3 26. axb3 Rb6 27. Rf3 Kh8 28. Rg1 Bd7 29. Bf1 Nxb3 30. Nxb3 Ba4 31. c4 Rfb8 32. Rgg3 Qb7 33. Rxg6 Rxb3 34. Rf2 Rf3 35. Qxa4 Rxf2 36. Rg1 dxc4+ 37. Bg2 Rxg2 38. Rxg2 Qb1+ 39. Rg1 Qe4+ 0-1

[Event "Mittelfranken-ch HT 59th"]
[Site "Forchheim"]
[Date "2010.04.02"]
[Round "8"]
[White "Walter, Manfred"]
[Black "Bildt, Thomas"]
[Result "1/2-1/2"]
[WhiteElo "1691"]
[BlackElo "1984"]
[PlyCount "133"]
[EventDate "2010.03.30"]
[EventType "swiss"]
[EventRounds "9"]
[EventCountry "GER"]
[SourceTitle "EXT 2011"]
[Source "ChessBase"]
[SourceDate "2010.11.26"]
[SourceVersion "1"]
[SourceVersionDate "2010.11.26"]
[SourceQuality "1"]

1. g3 d5 2. Nf3 c5 3. Bg2 Nc6 4. b3 e5 5. d3 f6 6. c4 d4 7. a3 Be6 8. 0-0 Bd6 9. Nbd2 Nge7 10. Ne4 h6 11. Rb1 a5 12. Bd2 f5 13. Nxd6+ Qxd6 14. Qe1 0-0 15. b4 axb4 16. axb4 e4 17. Bf4 Qd7 18. b5 exf3 19. bxc6 Nxc6 20. Bxf3 g5 21. Bd2 f4 22. Rb5 Ne5 23. Bxb7 Rae8 24. gxf4 gxf4 25. Kh1 Bg4 26. Rg1 Nxd3 27. Qf1 Kh8 28. exd3 Qxb7+ 29. Rxb7 Bf3+ 30. Qg2 Bxg2+ 31. Rxg2 Re2 32. Rgg7 Rfe8 33. Rh7+ Kg8 34. Rbg7+ Kf8 35. Bxf4 R8e6 36. Rf7+ Kg8 37. Rhg7+ Kh8 38. Rc7 Rxf2 39. Rh7+ Kg8 40. Rcg7+ Kf8 41. Bc7 Rd2 42. Bb6 Rxb6 43. Rf7+ Ke8 44. Re7+ Kd8 45. Reg7 Rb1+ 46. Rg1 Rxg1+ 47. Kxg1 Rxd3 48. Rxh6 Rc3 49. Kf2 Ke7 50. Rc6 Rxc4 51. h4 Kd7 52. Ra6 Rc2+ 53. Kf3 c4 54. Ke4 Rd2 55. h5 d3 56. Kd4 Rc2 57. Ra1 d2 58. Rd1 c3 59. h6 Rc1 60. h7 Rxd1 61. h8Q Re1 62. Qg7+ Kc6 63. Qf6+ Kb5 64. Qf5+ Ka6 65. Qc8+ Kb6 66. Qc5+ Kb7 67. Qb4+ 1/2-1/2

[Event "Mittelfranken Mitte-ch 0910"]
[Site "Zirndorf"]
[Date "2010.01.09"]
[Round "7"]
[White "Hirn, Oskar"]
[Black "Bildt, Thomas"]
[Result "0-1"]
[WhiteElo "2234"]
[BlackElo "2045"]
[PlyCount "118"]
[EventDate "2010.01.03"]
[EventType "swiss"]
[EventRounds "7"]
[EventCountry "GER"]
[SourceTitle "EXT 2015"]
[Source "ChessBase"]
[SourceDate "2014.11.20"]
[SourceVersion "1"]
[SourceVersionDate "2014.11.20"]
[SourceQuality "1"]

1. d4 d5 2. c4 c6 3. Nf3 Nf6 4. Nc3 dxc4 5. a4 Bf5 6. e3 e6 7. Bxc4 h6 8. 0-0 Nbd7 9. Qe2 Ne4 10. Nd2 Ndf6 11. f3 Nxd2 12. Bxd2 Be7 13. e4 Bg6 14. Be3 0-0 15. Rfd1 Qa5 16. Kh1 Rad8 17. Na2 c5 18. Bd2 Qc7 19. dxc5 Bxc5 20. Rac1 Qe5 21. Bc3 Rxd1+ 22. Rxd1 Qc7 23. Nc1 Rd8 24. Rxd8+ Qxd8 25. Nd3 Bd4 26. Qd2 Qd7 27. a5 b6 28. axb6 axb6 29. Nf4 Bxc3 30. Qxd7 Nxd7 31. bxc3 Ne5 32. Bb3 Kf8 33. Kg1 Ke7 34. Kf2 Kd6 35. Ke3 Kc5 36. h4 Nc4+ 37. Kd3 Ne5+ 38. Ke3 Nc4+ 39. Ke2 Ne5 40. Kf2 Kd6 41. Ke2 Kc6 42. Ba4+ Kd6 43. Ke3 f6 44. Kd4 Bf7 45. Bb5 Nxf3+ 46. gxf3 e5+ 47. Ke3 exf4+ 48. Kxf4 Be6 49. Be2 Kc5 50. e5 g5+ 51. hxg5 fxg5+ 52. Ke4 h5 53. f4 Bd5+ 54. Kf5 g4 55. Bxg4 hxg4 56. Kxg4 Kc4 57. f5 Kxc3 58. e6 Kd4 59. Kg5 Ke5 0-1

[Event "Mittelfranken Mitte-ch 0910"]
[Site "Zirndorf"]
[Date "2010.01.06"]
[Round "5"]
[White "Strobel, Norbert"]
[Black "Bildt, Thomas"]
[Result "0-1"]
[WhiteElo "2050"]
[BlackElo "2045"]
[PlyCount "52"]
[EventDate "2010.01.03"]
[EventType "swiss"]
[EventRounds "7"]
[EventCountry "GER"]
[SourceTitle "EXT 2015"]
[Source "ChessBase"]
[SourceDate "2014.11.20"]
[SourceVersion "1"]
[SourceVersionDate "2014.11.20"]
[SourceQuality "1"]

1. d4 d5 2. Nf3 Nf6 3. e3 Bg4 4. h3 Bh5 5. c4 c6 6. cxd5 Nxd5 7. Nc3 e6 8. e4 Nf6 9. a3 Be7 10. Be3 0-0 11. Be2 Bg6 12. Bd3 Nbd7 13. 0-0 Ne8 14. b4 f5 15. Bc4 Nc7 16. d5 Nb6 17. Bxb6 axb6 18. dxe6 fxe4 19. Ne5 b5 20. Nxg6 hxg6 21. Bb3 Qd3 22. Re1 Qxc3 23. Qd7 Qxb3 24. Qxe7 Nxe6 25. Rxe4 Rae8 26. Qxb7 Nd8 0-1

[Event "Oberliga Bayern 0910"]
[Site "Bayern"]
[Date "2009.11.29"]
[Round "3.8"]
[White "Braun, Thomas1111"]
[Black "Bildt, Thomas"]
[Result "1-0"]
[WhiteElo "2064"]
[BlackElo "1944"]
[PlyCount "79"]
[EventDate "2009.10.18"]
[EventType "team-tourn"]
[EventRounds "9"]
[EventCountry "GER"]
[SourceTitle "EXT 2011"]
[Source "ChessBase"]
[SourceDate "2010.11.26"]
[SourceVersion "1"]
[SourceVersionDate "2010.11.26"]
[SourceQuality "1"]
[WhiteTeam "Bayern Muenchen II"]
[BlackTeam "Zirndorf"]
[WhiteTeamCountry "GER"]
[BlackTeamCountry "GER"]

1. d4 d5 2. c4 c6 3. Nc3 Nf6 4. e3 Bf5 5. cxd5 Nxd5 6. Bc4 e6 7. Nge2 Nd7 8. Ng3 Bg6 9. e4 Nxc3 10. bxc3 Bd6 11. f4 h5 12. Qf3 Nb6 13. Bb3 h4 14. Nf1 Bh5 15. Qf2 Qe7 16. a4 c5 17. e5 Bc7 18. Ba3 Nd7 19. Ne3 Ba5 20. Rc1 Rc8 21. 0-0 Bc7 22. d5 Bb8 23. c4 g5 24. Bb2 gxf4 25. Qxf4 Rg8 26. dxe6 fxe6 27. Qh6 Bg6 28. Ng4 Qh7 29. Qe3 Bf5 30. Nf6+ Nxf6 31. exf6 Kf7 32. Rcd1 Qg6 33. Rf2 Be4 34. Rd7+ Kf8 35. Qd2 Bc6 36. f7 Qb1+ 37. Bd1 Bxd7 38. fxg8Q+ Kxg8 39. Qg5+ Kh7 40. Qg7# 1-0